Statistics for How Well Do You Know Your Dogs?

Click here to take the quiz!

General Stats

  • This quiz has been taken 87 times
  • The average score is 10 of 15

Answer Stats

Answer% Correct
Poodle
98%
Dachshund
96%
German Shepherd
95%
Pug
95%
Beagle
93%
Husky
93%
Dalmatian
80%
Chihuahua
79%
Bloodhound
77%
Bulldog
54%
Rough Collie
38%
Bichon Frise
34%
(Basset)Hound
29%
Shiba Inu
25%
Australian Cattle Dog
16%

Score Distribution

Percentile by Number Answered

Percent of People with Each Score

Your Score History

You have not taken this quiz